| 000 | 00791nam a2200229Ia 4500 | ||
|---|---|---|---|
| 003 | GCL | ||
| 008 | 140319s9999 xx 000 0 ara d | ||
| 020 | _a4302305977 | ||
| 040 |
_aGCL / _cGCL |
||
| 082 | 0 | 4 |
_a791.43 _bأ م |
| 100 | 1 | _aاحمد ابوزيد | |
| 245 | 1 | 0 |
_aمصرية من جنوب لبنان : _bنبيلة لطفى / _cاحمد ابوزيد |
| 250 | _aالاولى | ||
| 260 |
_aالقاهرة : _bالمجلس الاعلى للاثار ، _c2001 |
||
| 260 |
_aالقاهرة : _bصندوق التنمية الثقافية ، _c2001 |
||
| 300 |
_a197ص ؛ _c21سم |
||
| 650 | 0 | 4 | _aالمخرجون |
| 650 | 0 | 4 | _aالسينما - تاريخ ونقد |
| 650 | 0 | 4 | _aالاخراج السينمائى - تراجم |
| 650 | 0 | 4 | _aنبيلة لطفى |
| 942 |
_2ddc _cBK |
||
| 999 |
_c7822 _d7822 |
||